00549nam a2200169Ia 450000500170000000800410001702000130005808200150007124500150008626000590010130000200016050000610018070000200024194200060026195200970026799900150036420250529015651.0240331s9999 xx 000 0 und d a13916866 bSANa303.6 0aSanskruthi aNugegodabDihani printing and publishing limitedc2008 a295 p ., ( c 1) aA cultural expression - Special Sambuddha Jayanthi issue aSankruti. eedt cL 001040708LaWERCLbWERCLcSSCd2024-03-31l0o 303.6 SANp6450r2024-03-31w2024-03-31yL c5645d5645